[Event "Kuopio KSY op-A"]
[Site "Kuopio"]
[Date "2019.04.27"]
[Round "3"]
[White "Komulainen, Lauri"]
[Black "Houtsonen, Pedri"]
[Result "1-0"]
[WhiteElo "2011"]
[BlackElo "2192"]
[PlyCount "93"]
[EventDate "2019.04.27"]
[EventType "swiss"]
[EventRounds "5"]
[EventCountry "FIN"]
[SourceTitle "EXT 2021"]
[Source "ChessBase"]
[SourceDate "2020.10.23"]
[SourceVersion "1"]
[SourceVersionDate "2020.10.23"]
[SourceQuality "1"]

1. d4 Nf6 2. c4 g6 3. Nc3 Bg7 4. e4 d6 5. Nf3 0-0 6. Be2 e5 7. Be3 exd4 8. Nxd4 Re8 9. f3 c6 10. Qb3 d5 11. cxd5 Nxd5 12. Nxd5 cxd5 13. exd5 Qe7 14. Nc2 Bf5 15. Bd3 Bh6 16. Bxf5 Bxe3 17. Be4 Bb6 18. 0-0-0 Nd7 19. h4 Nc5 20. Qa3 Qd6 21. Kb1 Re5 22. h5 g5 23. Bd3 Rxd5 24. Be2 Rd8 25. Ne3 Rxd1+ 26. Rxd1 Qe5 27. Rxd8+ Bxd8 28. Qc3 Qxc3 29. bxc3 Ne6 30. g4 Nf4 31. Bc4 Kg7 32. Nf5+ Kf6 33. Nd6 Ne6 34. Kc2 Be7 35. Nxb7 Ke5 36. Bxe6 fxe6 37. Kd3 Kf4 38. Ke2 e5 39. c4 e4 40. fxe4 Bf6 41. c5 Kxg4 42. Nd6 Kh3 43. c6 Bd8 44. Nf7 Bc7 45. Nxg5+ Kg4 46. Nxh7 Kxh5 47. Nf6+ 1-0

[Event "FIN-chT1B 1819"]
[Site "Finland"]
[Date "2018.12.08"]
[Round "4.2"]
[White "Houtsonen, Pedri"]
[Black "Vilppolainen, Markku"]
[Result "1-0"]
[WhiteElo "2174"]
[BlackElo "2069"]
[PlyCount "87"]
[EventDate "2018.09.15"]
[EventType "team-tourn"]
[EventRounds "7"]
[EventCountry "FIN"]
[SourceTitle "EXT 2020"]
[Source "ChessBase"]
[SourceDate "2019.10.17"]
[SourceVersion "1"]
[SourceVersionDate "2019.10.17"]
[SourceQuality "1"]
[WhiteTeam "Kuopio KSY"]
[BlackTeam "Jyvaskyla JyS II"]
[WhiteTeamCountry "FIN"]
[BlackTeamCountry "FIN"]

1. e4 d6 2. d4 Nf6 3. Nc3 g6 4. Bc4 Nc6 5. Nf3 Bg7 6. Qe2 0-0 7. h3 e5 8. dxe5 dxe5 9. Bg5 h6 10. Bxf6 Qxf6 11. Nd5 Qd6 12. 0-0-0 Na5 13. Ne3 Qe7 14. Bd3 c6 15. Qd2 b6 16. Qc3 Bd7 17. Nc4 Nxc4 18. Bxc4 Rfd8 19. Bb3 Be8 20. a3 Rxd1+ 21. Rxd1 Rd8 22. Rxd8 Qxd8 23. Qe3 Kf8 24. a4 Qd6 25. c3 f5 26. Nd2 f4 27. Qf3 Bd7 28. g3 g5 29. gxf4 exf4 30. Nc4 Qe6 31. Nxb6 Qxh3 32. Nxd7+ Qxd7 33. Qh5 Qe8 34. Qe2 h5 35. Qc4 Qg6 36. Qc5+ Ke8 37. Qxa7 Be5 38. a5 f3 39. a6 Bf4+ 40. Kb1 Qxe4+ 41. Ka2 Qe5 42. Qf7+ Kd8 43. a7 Qa5+ 44. Kb1 1-0

[Event "FIN-chT1B 1819"]
[Site "Finland"]
[Date "2018.11.10"]
[Round "2.2"]
[White "Laakso, Harri"]
[Black "Houtsonen, Pedri"]
[Result "1-0"]
[WhiteElo "2161"]
[BlackElo "2174"]
[PlyCount "149"]
[EventDate "2018.09.15"]
[EventType "team-tourn"]
[EventRounds "7"]
[EventCountry "FIN"]
[SourceTitle "EXT 2020"]
[Source "ChessBase"]
[SourceDate "2019.10.17"]
[SourceVersion "1"]
[SourceVersionDate "2019.10.17"]
[SourceQuality "1"]
[WhiteTeam "Vantaa EtVaS II"]
[BlackTeam "Kuopio KSY"]
[WhiteTeamCountry "FIN"]
[BlackTeamCountry "FIN"]

1. e4 Nf6 2. e5 Nd5 3. Nc3 Nxc3 4. dxc3 Nc6 5. Nf3 d6 6. Bf4 Qd7 7. exd6 cxd6 8. Qd2 Qc7 9. 0-0-0 e5 10. Be3 Be6 11. Kb1 h6 12. Qe1 a6 13. Nd2 d5 14. Nb3 b6 15. g3 Na5 16. f4 Nxb3 17. cxb3 e4 18. Qf2 Bc5 19. Bd4 f5 20. h3 0-0 21. Be2 g5 22. Rhg1 Kh7 23. b4 Bxd4 24. Qxd4 b5 25. Rdf1 Qg7 26. Qe3 Qa7 27. Qd2 Rg8 28. Bd1 d4 29. cxd4 Rad8 30. g4 Rxd4 31. Qh2 Qf7 32. gxf5 Bxa2+ 33. Ka1 Bc4 34. fxg5 Rxg5 35. Re1 Qxf5 36. Bc2 Bd3 37. Bxd3 Rxd3 38. Rxg5 hxg5 39. h4 g4 40. Qe2 g3 41. Rc1 Qf3 42. Qc2 Rd7 43. h5 g2 44. Re1 Re7 45. Qc5 Rg7 46. h6 Rg6 47. Qe7+ Kxh6 48. Qh4+ Kg7 49. Qe7+ Kg8 50. Qe8+ Kh7 51. Qe7+ Rg7 52. Qh4+ Kg6 53. Rc1 e3 54. Ka2 Rd7 55. Qh8 Qf7+ 56. Ka1 Rc7 57. Rd1 Rd7 58. Rc1 Rc7 59. Rd1 Re7 60. Qh3 Qe6 61. Qxg2+ Kf7 62. Rf1+ Qf6 63. Rxf6+ Kxf6 64. Qe2 Re6 65. Kb1 Ke7 66. Kc2 Kd6 67. Kd3 Kd5 68. Qf3+ Kd6 69. Ke2 Kc7 70. Qd5 Re8 71. Qf7+ Kd8 72. Qf6+ Kd7 73. Qxa6 Re5 74. Qf6 Re8 75. Qf5+ 1-0

[Event "FIN-chT2 Gp4 1617"]
[Site "Finland"]
[Date "2016.12.10"]
[Round "5.1"]
[White "Fieandt, John"]
[Black "Houtsonen, Pedri"]
[Result "1/2-1/2"]
[WhiteElo "2154"]
[BlackElo "2178"]
[PlyCount "35"]
[EventDate "2016.09.17"]
[EventType "team-tourn"]
[EventRounds "7"]
[EventCountry "FIN"]
[SourceTitle "EXT 2019"]
[Source "ChessBase"]
[SourceDate "2018.10.10"]
[SourceVersion "1"]
[SourceVersionDate "2018.10.10"]
[SourceQuality "1"]
[WhiteTeam "Jyvaskyla JyS II"]
[BlackTeam "Kuopio KSY"]
[WhiteTeamCountry "FIN"]
[BlackTeamCountry "FIN"]

1. d4 Nf6 2. c4 g6 3. Nc3 Bg7 4. Nf3 d6 5. g3 0-0 6. Bg2 Nc6 7. 0-0 a6 8. Qd3 Bf5 9. e4 Bg4 10. Be3 Qc8 11. Rac1 Bh3 12. d5 Nb4 13. Qd2 a5 14. c5 Bxg2 15. Kxg2 Ng4 16. cxd6 Nxe3+ 17. Qxe3 exd6 18. Nb5 1/2-1/2

[Event "Kuopio We KSY A"]
[Site "Kuopio"]
[Date "2016.04.16"]
[Round "2"]
[White "Houtsonen, Pedri"]
[Black "Dokutchaev, Aleksander"]
[Result "0-1"]
[WhiteElo "2178"]
[BlackElo "2430"]
[PlyCount "74"]
[EventDate "2016.04.16"]
[EventType "swiss"]
[EventRounds "5"]
[EventCountry "FIN"]
[SourceTitle "EXT 2022"]
[Source "ChessBase"]
[SourceDate "2021.10.06"]
[SourceVersion "1"]
[SourceVersionDate "2021.10.06"]
[SourceQuality "1"]

1. e4 e5 2. Nf3 Nc6 3. d4 exd4 4. Nxd4 Bb4+ 5. c3 Bc5 6. Nxc6 bxc6 7. Bd3 Qh4 8. Qf3 Nf6 9. Bf4 d6 10. e5 Nd5 11. Bg3 Qg4 12. Qxg4 Bxg4 13. Nd2 dxe5 14. Bxe5 0-0-0 15. 0-0 f6 16. Ba6+ Kb8 17. Nb3 Bxf2+ 18. Rxf2 fxe5 19. Na5 Rd6 20. Nc4 Re6 21. h3 Bh5 22. Rf5 Be2 23. Re1 Bxc4 24. Bxc4 Rhe8 25. Bd3 Kb7 26. Re4 c5 27. Rc4 Ne3 28. Rxc5 Nxf5 29. Bxf5 Rd6 30. Be4+ c6 31. b4 g6 32. a4 Ree6 33. Kf2 Rd1 34. Ke2 Ra1 35. Ra5 Kb6 36. Ke3 Re1+ 37. Kd3 Rd6+ 0-1

[Event "Kuopio We KSY A"]
[Site "Kuopio"]
[Date "2016.04.16"]
[Round "3"]
[White "Houtsonen, Pedri"]
[Black "Narhi, Kimmo"]
[Result "1/2-1/2"]
[WhiteElo "2178"]
[BlackElo "2042"]
[PlyCount "90"]
[EventDate "2016.04.16"]
[EventType "swiss"]
[EventRounds "5"]
[EventCountry "FIN"]
[SourceTitle "EXT 2022"]
[Source "ChessBase"]
[SourceDate "2021.10.06"]
[SourceVersion "1"]
[SourceVersionDate "2021.10.06"]
[SourceQuality "1"]

1. e4 c5 2. Nf3 e6 3. c3 d5 4. exd5 exd5 5. d4 a6 6. Be2 Nc6 7. 0-0 Bd6 8. dxc5 Bxc5 9. Nbd2 Nge7 10. Nb3 Bd6 11. Be3 0-0 12. Qd2 Qc7 13. h3 Ne5 14. Nxe5 Bxe5 15. Nd4 Rd8 16. Bd3 Nc6 17. Nf3 Bf6 18. Bg5 Bxg5 19. Qxg5 Be6 20. Rfe1 d4 21. Qh4 h6 22. Nxd4 Nxd4 23. cxd4 Qb6 24. Qe4 Qxd4 25. Qh7+ Kf8 26. Be2 Qf6 27. Rac1 Rac8 28. Rxc8 Rxc8 29. Bg4 Ke7 30. Qe4 Rc7 31. Qb4+ Ke8 32. Qd6 Qe7 33. Qg3 Kf8 34. Qf4 Kg8 35. Kh2 Rc6 36. Qb8+ Kh7 37. Bf5+ g6 38. Bxe6 Rxe6 39. Rxe6 Qxe6 40. Qxb7 Qxa2 41. Kg3 Qe6 42. Qb4 Qe5+ 43. Kf3 Qd5+ 44. Kg3 Qe5+ 45. Kf3 Qd5+ 1/2-1/2

[Event "Kuopio We KSY"]
[Site "Kuopio"]
[Date "2015.04.26"]
[Round "4"]
[White "Houtsonen, Pedri"]
[Black "Hintikka, Eero"]
[Result "0-1"]
[WhiteElo "2178"]
[BlackElo "2071"]
[PlyCount "91"]
[EventDate "2015.04.25"]
[EventType "swiss"]
[EventRounds "5"]
[EventCountry "FIN"]
[SourceTitle "EXT 2022"]
[Source "ChessBase"]
[SourceDate "2021.10.06"]
[SourceVersion "1"]
[SourceVersionDate "2021.10.06"]
[SourceQuality "1"]

1. e4 e5 2. Nf3 Nc6 3. d4 exd4 4. Nxd4 g6 5. Nc3 Bg7 6. Be3 Nf6 7. Qd2 0-0 8. 0-0-0 Re8 9. f3 d5 10. Bb5 Bd7 11. exd5 Ne5 12. Be2 a6 13. Bg5 b5 14. a3 Qb8 15. Nb3 a5 16. Bxf6 Bxf6 17. Ne4 Bg7 18. Qg5 Qb6 19. Nbc5 f5 20. Nxd7 Nxd7 21. Ng3 Nc5 22. d6 cxd6 23. Qd2 Rad8 24. Rhe1 d5 25. Bf1 Rxe1 26. Qxe1 b4 27. Rxd5 bxa3 28. Rxd8+ Qxd8 29. Bc4+ Kf8 30. bxa3 Qd4 31. Qf1 Bh6+ 32. Kb1 Na4 33. c3 Nxc3+ 34. Kc2 Qd2+ 35. Kb3 a4+ 36. Kb4 Qb2+ 37. Ka5 Be3 38. Bb5 Qd2 39. Qc4 Qd8+ 40. Kb4 Qd6+ 41. Ka5 Bb6+ 42. Ka6 Bc7+ 43. Kb7 Qb6+ 44. Kc8 Nxb5 45. Kd7 Qd6+ 46. Kc8 0-1

[Event "Kuopio We KSY A"]
[Site "Kuopio"]
[Date "2014.04.27"]
[Round "4"]
[White "Houtsonen, Pedri"]
[Black "Dokutchaev, Aleksander"]
[Result "1/2-1/2"]
[WhiteElo "2178"]
[BlackElo "2420"]
[PlyCount "52"]
[EventDate "2014.04.26"]
[EventType "swiss"]
[EventRounds "5"]
[EventCountry "FIN"]
[SourceTitle "EXT 2022"]
[Source "ChessBase"]
[SourceDate "2021.10.06"]
[SourceVersion "1"]
[SourceVersionDate "2021.10.06"]
[SourceQuality "1"]

1. e4 e5 2. Nf3 Nc6 3. d4 exd4 4. Nxd4 Nf6 5. Nxc6 bxc6 6. e5 Qe7 7. Qe2 Nd5 8. c4 Ba6 9. Nd2 g6 10. Ne4 Bg7 11. Bg5 Qb4+ 12. Qd2 Rb8 13. Qxb4 Nxb4 14. Kd2 Bc8 15. Nf6+ Kf8 16. a3 Na6 17. b4 h6 18. Be3 d6 19. f4 Be6 20. Bxa7 Rd8 21. Kc3 c5 22. b5 Ra8 23. b6 cxb6 24. Bxb6 dxe5 25. fxe5 Ke7 26. Be2 Rab8 1/2-1/2

[Event "Kuopio We KSY"]
[Site "Kuopio"]
[Date "2010.??.??"]
[Round "2"]
[White "Torkkola, Henri"]
[Black "Houtsonen, Pedri"]
[Result "1-0"]
[WhiteElo "2023"]
[BlackElo "2167"]
[PlyCount "77"]
[EventDate "2010.??.??"]
[EventType "swiss"]
[EventRounds "5"]
[EventCountry "FIN"]
[SourceTitle "EXT 2022"]
[Source "ChessBase"]
[SourceDate "2021.10.06"]
[SourceVersion "1"]
[SourceVersionDate "2021.10.06"]
[SourceQuality "1"]

1. Nf3 Nf6 2. c4 g6 3. b4 Bg7 4. Bb2 0-0 5. g3 c6 6. Bg2 a5 7. bxa5 Qxa5 8. 0-0 d6 9. Qc2 Na6 10. Bc3 Qc7 11. d3 Nc5 12. a4 Re8 13. Nbd2 e5 14. Ng5 h6 15. Nge4 Nfxe4 16. Nxe4 Ne6 17. e3 d5 18. Nd2 d4 19. exd4 Nxd4 20. Bxd4 exd4 21. Rfe1 Rxe1+ 22. Rxe1 Bf5 23. Ne4 Qa5 24. Ra1 Bxe4 25. Bxe4 Qc3 26. Qd1 Re8 27. Kf1 Re7 28. a5 Rxe4 29. dxe4 Qxc4+ 30. Kg1 d3 31. Ra4 Qb5 32. Ra3 c5 33. Qxd3 c4 34. Qc2 c3 35. Kg2 Qc5 36. Rb3 Qxa5 37. Rxb7 Qd8 38. Qb3 Qe8 39. Rb8 1-0

[Event "Ylivieska We Shakkilaakso"]
[Site "Ylivieska"]
[Date "2008.??.??"]
[Round "3"]
[White "Houtsonen, Pedri"]
[Black "Parkkinen, Jyrki"]
[Result "0-1"]
[WhiteElo "2153"]
[BlackElo "2243"]
[PlyCount "93"]
[EventDate "2008.??.??"]
[EventType "swiss"]
[EventRounds "7"]
[EventCountry "FIN"]
[SourceTitle "EXT 2010"]
[Source "ChessBase"]
[SourceDate "2010.11.25"]
[SourceVersion "1"]
[SourceVersionDate "2010.11.25"]
[SourceQuality "1"]

1. e4 c5 2. Nf3 Nc6 3. Bb5 Na5 4. 0-0 a6 5. Be2 e6 6. d4 cxd4 7. Nxd4 Qc7 8. f4 b5 9. Bf3 Bb7 10. Re1 Bc5 11. c3 Nc6 12. Kh1 Nge7 13. Be3 Bxd4 14. cxd4 Nb4 15. Nc3 d5 16. e5 Nbc6 17. Qd3 h5 18. Rac1 Qb6 19. Bf2 g6 20. Rcd1 Rc8 21. Bh4 Kd7 22. Bf6 Rhe8 23. h3 Kc7 24. g4 hxg4 25. hxg4 Kb8 26. Re2 Rc7 27. Rh2 Rec8 28. Rh7 Ng8 29. Bh4 f5 30. Rxc7 Qxc7 31. Bg5 Nge7 32. Kg2 fxg4 33. Bxg4 Nf5 34. Bxf5 gxf5 35. a3 Rg8 36. Ne2 Qb6 37. Rh1 Nxe5 38. dxe5 d4+ 39. Kg1 Bxh1 40. Kxh1 Qc6+ 41. Kg1 Rg7 42. Nxd4 Qc1+ 43. Qf1 Qxb2 44. Qf2 Qa1+ 45. Kg2 Rh7 46. Bh4 Rd7 47. Nf3 0-1

[Event "TammerSh We op"]
[Site "Tampere"]
[Date "2007.01.07"]
[Round "4"]
[White "Houtsonen, Pedri"]
[Black "Karttunen, Mika"]
[Result "0-1"]
[WhiteElo "2153"]
[BlackElo "2444"]
[PlyCount "112"]
[EventDate "2007.01.06"]
[EventType "swiss"]
[EventRounds "5"]
[EventCountry "FIN"]
[SourceTitle "EXT 2008"]
[Source "ChessBase"]
[SourceDate "2007.11.25"]
[SourceVersion "1"]
[SourceVersionDate "2007.11.25"]
[SourceQuality "1"]

1. e4 Nf6 2. Nc3 d5 3. exd5 Nxd5 4. g3 g6 5. Bg2 Nf6 6. d3 Bg7 7. Nf3 0-0 8. h3 Nc6 9. Be3 e5 10. Qd2 Re8 11. 0-0-0 Nd5 12. Nxd5 Qxd5 13. c4 Qa5 14. Qxa5 Nxa5 15. Ng5 Nc6 16. Bd5 Nd8 17. h4 c6 18. Bf3 f5 19. d4 h6 20. Nh3 Nf7 21. d5 e4 22. Be2 cxd5 23. Nf4 d4 24. Bxd4 Bxd4 25. Rxd4 Kg7 26. Rhd1 b6 27. Nd5 Rb8 28. Kb1 Rb7 29. Ne3 Rc7 30. R1d2 Be6 31. b3 Ne5 32. Rd6 Nf7 33. R6d4 Ree7 34. Kb2 g5 35. hxg5 hxg5 36. Nd5 Bxd5 37. Rxd5 Ne5 38. a4 Kf6 39. a5 f4 40. axb6 axb6 41. gxf4 gxf4 42. Rd6+ Re6 43. R2d4 f3 44. Rxe6+ Kxe6 45. Rxe4 Kf5 46. Rxe5+ Kxe5 47. Bxf3 Kd4 48. Ka3 Kc3 49. Ka4 Rc5 50. b4 Rxc4 51. Kb5 Rxb4+ 52. Kc6 Rb2 53. Bd5 b5 54. f4 b4 55. f5 Rf2 56. Be6 b3 0-1

[Event "Kokkola We KokkSK"]
[Site "Kokkola"]
[Date "2005.??.??"]
[Round "?"]
[White "Rantanen, Veikko J"]
[Black "Houtsonen, Pedri"]
[Result "0-1"]
[WhiteElo "1995"]
[BlackElo "2150"]
[PlyCount "94"]
[EventDate "2005.??.??"]
[EventType "swiss"]
[EventRounds "5"]
[EventCountry "FIN"]
[SourceTitle "EXT 2022"]
[Source "ChessBase"]
[SourceDate "2021.10.06"]
[SourceVersion "1"]
[SourceVersionDate "2021.10.06"]
[SourceQuality "1"]

1. e4 e5 2. Nf3 Nc6 3. Bb5 a6 4. Ba4 Nf6 5. 0-0 Be7 6. Re1 b5 7. Bb3 d6 8. c3 0-0 9. h3 Nd7 10. d4 Bf6 11. d5 Na5 12. Bc2 Bb7 13. Nbd2 Nb6 14. Nf1 c6 15. dxc6 Bxc6 16. Ng3 g6 17. Bh6 Re8 18. Qc1 Nb7 19. h4 Nc5 20. h5 Ne6 21. Rd1 Qe7 22. b3 Rad8 23. Qe3 Nd7 24. Rd2 Nf4 25. hxg6 hxg6 26. Rad1 Nc5 27. b4 Nce6 28. Qb6 Bb7 29. Rxd6 Kh7 30. Rxd8 Nxd8 31. Bxf4 exf4 32. Ne2 Ne6 33. Qd6 Ng5 34. Nxg5+ Bxg5 35. f3 Kg7 36. a4 Bf6 37. Qxf4 Bg5 38. Qd6 Be3+ 39. Kf1 Qh4 40. Ng3 Bf4 41. Qd7 Re7 42. Qd3 Bxg3 43. Qe3 Qh1+ 44. Qg1 Qxg1+ 45. Kxg1 Be5 46. axb5 axb5 47. Rd3 Rc7 0-1

[Event "Kuopio We KSY op"]
[Site "Kuopio"]
[Date "2004.04.04"]
[Round "4"]
[White "Houtsonen, Pedri"]
[Black "Karttunen, Mika"]
[Result "0-1"]
[WhiteElo "2143"]
[BlackElo "2414"]
[PlyCount "108"]
[EventDate "2004.04.03"]
[EventType "swiss"]
[EventRounds "5"]
[EventCountry "FIN"]
[SourceTitle "EXT 2009"]
[Source "ChessBase"]
[SourceDate "2008.11.26"]
[SourceVersion "1"]
[SourceVersionDate "2008.11.26"]
[SourceQuality "1"]

1. e4 c5 2. Nf3 e6 3. c4 Nc6 4. Nc3 Nd4 5. Nxd4 cxd4 6. Ne2 e5 7. d3 Bb4+ 8. Bd2 Qa5 9. a3 Bxd2+ 10. Qxd2 Qxd2+ 11. Kxd2 d6 12. g3 a5 13. b3 Nf6 14. Bg2 0-0 15. h3 Be6 16. Rhc1 Nd7 17. b4 Ra7 18. f4 f6 19. f5 Bf7 20. b5 Nc5 21. Rab1 g6 22. g4 b6 23. Bf3 Rc7 24. Rc2 Rfc8 25. Ng3 a4 26. h4 Nb3+ 27. Ke1 Bxc4 28. Rxc4 Rxc4 29. dxc4 Rxc4 30. Nf1 Rc3 31. Bd1 Nc5 32. Nd2 d5 33. exd5 e4 34. d6 Kf7 35. Ke2 Rh3 36. Nf1 Rxa3 37. Kf2 gxf5 38. gxf5 Ke8 39. Kg1 Rc3 40. Bxa4 Nxa4 41. Rb4 Nc5 42. Rxd4 Kd7 43. Kg2 Rd3 44. Rb4 Kxd6 45. Ng3 Rd2+ 46. Kh3 Ke5 47. Kg4 Rd8 48. Kh5 Kf4 49. Ne2+ Kxf5 50. Kh6 Kg4 51. Nd4 Rd7 52. h5 f5 53. Ne6 Rd6 54. Rxe4+ fxe4 0-1

[Event "Kuopio We KSY op"]
[Site "Kuopio"]
[Date "2003.??.??"]
[Round "2"]
[White "Ivanov, Sergey"]
[Black "Houtsonen, Pedri"]
[Result "1-0"]
[WhiteElo "2561"]
[BlackElo "2143"]
[PlyCount "39"]
[EventDate "2003.??.??"]
[EventType "swiss"]
[EventRounds "5"]
[EventCountry "FIN"]
[SourceTitle "EXT 2005"]
[Source "ChessBase"]
[SourceDate "2004.11.15"]
[SourceVersion "1"]
[SourceVersionDate "2004.11.15"]
[SourceQuality "1"]

1. e4 e5 2. Nc3 Nf6 3. f4 d5 4. fxe5 Nxe4 5. Nf3 Be7 6. d4 0-0 7. Bd3 f5 8. exf6 Bxf6 9. 0-0 Nc6 10. Nxe4 dxe4 11. Bxe4 Nxd4 12. Ng5 Bxg5 13. Rxf8+ Kxf8 14. Bxg5 Qxg5 15. Qxd4 Be6 16. Bxh7 Rd8 17. Qb4+ c5 18. Rf1+ Ke8 19. Qe4 Rd6 20. Bf5 1-0

[Event "Heart of Finland op 12th"]
[Site "Jyvaskyla"]
[Date "2002.??.??"]
[Round "6"]
[White "Houtsonen, Pedri"]
[Black "Jaderholm, Bo"]
[Result "1-0"]
[WhiteElo "2146"]
[BlackElo "2018"]
[PlyCount "69"]
[EventDate "2002.09.??"]
[EventType "swiss"]
[EventRounds "9"]
[EventCountry "FIN"]
[SourceTitle "EXT 2004"]
[Source "ChessBase"]
[SourceDate "2003.11.25"]
[SourceVersion "1"]
[SourceVersionDate "2003.11.25"]
[SourceQuality "1"]

1. e4 c5 2. Nf3 d6 3. d4 cxd4 4. Nxd4 Nf6 5. Nc3 a6 6. Be3 Ng4 7. Bg5 h6 8. Bh4 Qb6 9. Nd5 Qd8 10. Be2 Ne5 11. 0-0 g5 12. Bg3 Bg7 13. Nf5 Bxf5 14. exf5 Nbd7 15. c3 0-0 16. h4 Nc5 17. Qc2 Rc8 18. Rad1 Ncd7 19. hxg5 hxg5 20. Qd2 e6 21. Ne3 d5 22. fxe6 fxe6 23. Bg4 Nxg4 24. Nxg4 Rc4 25. f3 Kf7 26. Rfe1 Rh8 27. Rxe6 Nb6 28. Rd6 Qe7 29. Rxb6 Qc5+ 30. Bf2 d4 31. Rxb7+ Kg8 32. Rxg7+ Kxg7 33. Bxd4+ Rxd4 34. Qxd4+ Qxd4+ 35. Rxd4 1-0

[Event "Kuopio We KSY op"]
[Site "Kuopio"]
[Date "2002.??.??"]
[Round "5"]
[White "Houtsonen, Pedri"]
[Black "Lahtinen, Markku"]
[Result "1/2-1/2"]
[WhiteElo "2146"]
[BlackElo "2280"]
[PlyCount "30"]
[EventDate "2002.04.??"]
[EventType "swiss"]
[EventRounds "5"]
[EventCountry "FIN"]
[SourceTitle "EXT 2004"]
[Source "ChessBase"]
[SourceDate "2003.11.25"]
[SourceVersion "1"]
[SourceVersionDate "2003.11.25"]
[SourceQuality "1"]

1. e4 c5 2. Nf3 Nc6 3. Bb5 e6 4. 0-0 Nge7 5. Re1 a6 6. Bxc6 Nxc6 7. d4 cxd4 8. Nxd4 Qc7 9. Nxc6 Qxc6 10. Nc3 Be7 11. Qg4 Kf8 12. e5 b5 13. Bg5 Bxg5 14. Qxg5 Bb7 15. Ne4 h6 1/2-1/2

[Event "Kuopio op"]
[Site "Kuopio"]
[Date "2000.??.??"]
[Round "4"]
[White "Houtsonen, Pedri"]
[Black "Lahtinen, Markku"]
[Result "0-1"]
[WhiteElo "2163"]
[BlackElo "2222"]
[PlyCount "97"]
[EventDate "2000.??.??"]
[EventType "swiss"]
[EventRounds "5"]
[EventCountry "FIN"]
[SourceTitle "EXT 2001"]
[Source "ChessBase"]
[SourceDate "2000.11.22"]
[SourceVersion "1"]
[SourceVersionDate "2000.11.22"]
[SourceQuality "1"]

1. e4 d5 2. exd5 Qxd5 3. Nc3 Qa5 4. g3 Nf6 5. Bg2 Bg4 6. Nge2 Nc6 7. h3 Bh5 8. d3 e5 9. Bd2 Qc5 10. a3 Be7 11. b4 Qd6 12. g4 Bg6 13. Ng3 h6 14. b5 Nd8 15. 0-0 0-0 16. Nf5 Bxf5 17. gxf5 a6 18. Qe2 Qd7 19. bxa6 Rxa6 20. Qxe5 Bd6 21. Qe2 Qxf5 22. Ne4 Bxa3 23. Rxa3 Rxa3 24. Bb4 Ra6 25. Bxf8 Kxf8 26. Nxf6 Qxf6 27. Qg4 Qe7 28. Qc8 Rg6 29. f4 c6 30. Kh2 Rd6 31. Be4 g6 32. f5 g5 33. Kg2 Kg7 34. c4 Kf6 35. Rb1 h5 36. Qb8 Kg7 37. Qa7 Qe5 38. Qe3 f6 39. Qb6 h4 40. Qe3 Rd7 41. c5 Nf7 42. Rb4 Qc3 43. Rc4 Qb2+ 44. Qf2 Qe5 45. Qe3 Re7 46. Qf3 Kh6 47. Kf2 Re8 48. Rc2 Ra8 49. Kg2 0-1

[Event "FIN-chT 9900"]
[Site "Finland"]
[Date "2000.??.??"]
[Round "9.8"]
[White "Houtsonen, Pedri"]
[Black "Nyysti, Sampsa"]
[Result "0-1"]
[WhiteElo "2148"]
[BlackElo "2152"]
[PlyCount "56"]
[EventDate "1999.??.??"]
[EventType "team-tourn"]
[EventRounds "9"]
[EventCountry "FIN"]
[SourceTitle "EXT 2001"]
[Source "ChessBase"]
[SourceDate "2000.11.22"]
[SourceVersion "1"]
[SourceVersionDate "2000.11.22"]
[SourceQuality "1"]
[WhiteTeam "Kuopio KSY"]
[BlackTeam "Tampere Taraus"]
[WhiteTeamCountry "FIN"]
[BlackTeamCountry "FIN"]

1. e4 c5 2. Nf3 e6 3. Nc3 a6 4. d4 cxd4 5. Nxd4 b5 6. Bd3 Qb6 7. Nb3 Qc7 8. 0-0 Bb7 9. a3 Nf6 10. f4 d6 11. Qe2 Nbd7 12. Bd2 Be7 13. Rae1 Nc5 14. Nc1 Nfd7 15. Nd1 Rc8 16. b4 Nxd3 17. cxd3 Bf6 18. Nb3 Qc2 19. Na5 Ba8 20. Ne3 Qb2 21. Rb1 Qa2 22. Nb3 Rc3 23. e5 Rxb3 24. Ra1 Qb2 25. exf6 Qxf6 26. Rac1 0-0 27. Ng4 Qd4+ 28. Nf2 Nf6 0-1

[Event "Helsinki op2"]
[Site "Helsinki"]
[Date "2000.??.??"]
[Round "4"]
[White "Keskinen, Sauli"]
[Black "Houtsonen, Pedri"]
[Result "1-0"]
[WhiteElo "2227"]
[BlackElo "2154"]
[PlyCount "75"]
[EventDate "2000.08.??"]
[EventType "swiss"]
[EventRounds "5"]
[EventCountry "FIN"]
[SourceTitle "EXT 2001"]
[Source "ChessBase"]
[SourceDate "2000.11.22"]
[SourceVersion "1"]
[SourceVersionDate "2000.11.22"]
[SourceQuality "1"]

1. g3 g6 2. Bg2 Bg7 3. d3 d6 4. e4 e5 5. Nc3 c6 6. Be3 Nf6 7. Qd2 Ng4 8. 0-0-0 0-0 9. h4 h5 10. Kb1 Nd7 11. f3 Nxe3 12. Qxe3 b5 13. g4 Nf6 14. gxh5 Nxh5 15. Nce2 d5 16. Qf2 Bh6 17. Bh3 d4 18. Bg4 Be3 19. Qg2 Ng7 20. h5 Bxg4 21. fxg4 g5 22. Qf3 Ne6 23. Rf1 Nf4 24. Ng3 c5 25. Nh3 Nxh3 26. Rxh3 Bf4 27. Ne2 c4 28. Nxf4 exf4 29. e5 c3 30. Qe4 b4 31. e6 Qa5 32. exf7+ Kxf7 33. Qg6+ Ke7 34. Re1+ Kd7 35. Qg7+ Kc6 36. Re6+ Kb5 37. Qe5+ Ka4 38. b3+ 1-0